<?xml version="1.0" encoding="UTF-8"?>
<record
    xmlns:xsi="http://www.w3.org/2001/XMLSchema-instance"
    xsi:schemaLocation="http://www.loc.gov/MARC21/slim http://www.loc.gov/standards/marcxml/schema/MARC21slim.xsd"
    xmlns="http://www.loc.gov/MARC21/slim">

  <leader>00357nam a2200145Ia 4500</leader>
  <datafield tag="999" ind1=" " ind2=" ">
    <subfield code="c">4836</subfield>
    <subfield code="d">4836</subfield>
  </datafield>
  <controlfield tag="003">OSt</controlfield>
  <controlfield tag="008">201117b           ||||| |||| 00| 0 eng d</controlfield>
  <datafield tag="082" ind1=" " ind2=" ">
    <subfield code="a">657</subfield>
  </datafield>
  <datafield tag="100" ind1=" " ind2=" ">
    <subfield code="a"> VASUDEVA, Sakshi.</subfield>
  </datafield>
  <datafield tag="245" ind1=" " ind2=" ">
    <subfield code="a">Accounting for business managers </subfield>
  </datafield>
  <datafield tag="250" ind1=" " ind2=" ">
    <subfield code="a">1st.</subfield>
  </datafield>
  <datafield tag="260" ind1=" " ind2=" ">
    <subfield code="a"> N.Delhi </subfield>
    <subfield code="b">Himalaya Publication House</subfield>
    <subfield code="c"> 2013</subfield>
  </datafield>
  <datafield tag="300" ind1=" " ind2=" ">
    <subfield code="a">1035</subfield>
  </datafield>
  <datafield tag="942" ind1=" " ind2=" ">
    <subfield code="2">ddc</subfield>
    <subfield code="c">BK</subfield>
    <subfield code="0">7</subfield>
  </datafield>
  <datafield tag="952" ind1=" " ind2=" ">
    <subfield code="0">0</subfield>
    <subfield code="1">0</subfield>
    <subfield code="2">ddc</subfield>
    <subfield code="4">0</subfield>
    <subfield code="7">0</subfield>
    <subfield code="8">BBA</subfield>
    <subfield code="a">PIET</subfield>
    <subfield code="b">PIET</subfield>
    <subfield code="d">2011-07-29</subfield>
    <subfield code="e">The book company</subfield>
    <subfield code="g">490.00</subfield>
    <subfield code="k">IN-858</subfield>
    <subfield code="l">1</subfield>
    <subfield code="o">657 VAA</subfield>
    <subfield code="p">17462</subfield>
    <subfield code="r">2022-10-14 00:00:00</subfield>
    <subfield code="s">2022-10-04</subfield>
    <subfield code="w">2011-07-27</subfield>
    <subfield code="y">BK</subfield>
  </datafield>
  <datafield tag="952" ind1=" " ind2=" ">
    <subfield code="0">0</subfield>
    <subfield code="1">0</subfield>
    <subfield code="2">ddc</subfield>
    <subfield code="4">0</subfield>
    <subfield code="7">0</subfield>
    <subfield code="8">BBA</subfield>
    <subfield code="a">PIET</subfield>
    <subfield code="b">PIET</subfield>
    <subfield code="d">2011-07-29</subfield>
    <subfield code="e">The book company</subfield>
    <subfield code="g">490.00</subfield>
    <subfield code="k">IN-858</subfield>
    <subfield code="l">0</subfield>
    <subfield code="o">657 VAA</subfield>
    <subfield code="p">17463</subfield>
    <subfield code="r">2019-12-04 00:00:00</subfield>
    <subfield code="w">2011-07-27</subfield>
    <subfield code="y">BK</subfield>
  </datafield>
  <datafield tag="952" ind1=" " ind2=" ">
    <subfield code="0">0</subfield>
    <subfield code="1">0</subfield>
    <subfield code="2">ddc</subfield>
    <subfield code="4">0</subfield>
    <subfield code="7">0</subfield>
    <subfield code="8">BBA</subfield>
    <subfield code="a">PIET</subfield>
    <subfield code="b">PIET</subfield>
    <subfield code="d">2013-11-28</subfield>
    <subfield code="e">IBH, New Delhi</subfield>
    <subfield code="g">525.00</subfield>
    <subfield code="k">15735</subfield>
    <subfield code="l">1</subfield>
    <subfield code="o">657 VAA</subfield>
    <subfield code="p">22857</subfield>
    <subfield code="r">2022-12-13 00:00:00</subfield>
    <subfield code="s">2022-12-06</subfield>
    <subfield code="w">2013-11-26</subfield>
    <subfield code="y">BK</subfield>
  </datafield>
  <datafield tag="952" ind1=" " ind2=" ">
    <subfield code="0">0</subfield>
    <subfield code="1">0</subfield>
    <subfield code="2">ddc</subfield>
    <subfield code="4">0</subfield>
    <subfield code="7">0</subfield>
    <subfield code="8">BBA</subfield>
    <subfield code="a">PIET</subfield>
    <subfield code="b">PIET</subfield>
    <subfield code="d">2013-11-28</subfield>
    <subfield code="e">IBH, New Delhi</subfield>
    <subfield code="g">525.00</subfield>
    <subfield code="k">15735</subfield>
    <subfield code="l">1</subfield>
    <subfield code="o">657 VAA</subfield>
    <subfield code="p">22858</subfield>
    <subfield code="r">2024-09-09 00:00:00</subfield>
    <subfield code="s">2024-09-09</subfield>
    <subfield code="w">2013-11-26</subfield>
    <subfield code="y">BK</subfield>
  </datafield>
  <datafield tag="952" ind1=" " ind2=" ">
    <subfield code="0">0</subfield>
    <subfield code="1">0</subfield>
    <subfield code="2">ddc</subfield>
    <subfield code="4">0</subfield>
    <subfield code="7">0</subfield>
    <subfield code="8">BBA</subfield>
    <subfield code="a">PIET</subfield>
    <subfield code="b">PIET</subfield>
    <subfield code="d">2013-11-28</subfield>
    <subfield code="e">IBH, New Delhi</subfield>
    <subfield code="g">525.00</subfield>
    <subfield code="k">15735</subfield>
    <subfield code="l">2</subfield>
    <subfield code="o">657 VAA</subfield>
    <subfield code="p">22859</subfield>
    <subfield code="r">2026-01-06 00:00:00</subfield>
    <subfield code="s">2025-12-15</subfield>
    <subfield code="w">2013-11-26</subfield>
    <subfield code="y">BK</subfield>
  </datafield>
  <datafield tag="952" ind1=" " ind2=" ">
    <subfield code="0">0</subfield>
    <subfield code="1">0</subfield>
    <subfield code="2">ddc</subfield>
    <subfield code="4">0</subfield>
    <subfield code="7">0</subfield>
    <subfield code="8">BBA</subfield>
    <subfield code="a">PIET</subfield>
    <subfield code="b">PIET</subfield>
    <subfield code="d">2013-11-28</subfield>
    <subfield code="e">IBH, New Delhi</subfield>
    <subfield code="g">525.00</subfield>
    <subfield code="k">15735</subfield>
    <subfield code="l">2</subfield>
    <subfield code="o">657 VAA</subfield>
    <subfield code="p">22860</subfield>
    <subfield code="r">2022-12-15 00:00:00</subfield>
    <subfield code="s">2022-11-22</subfield>
    <subfield code="w">2013-11-26</subfield>
    <subfield code="y">BK</subfield>
    <subfield code="z">.</subfield>
  </datafield>
  <datafield tag="952" ind1=" " ind2=" ">
    <subfield code="0">0</subfield>
    <subfield code="1">0</subfield>
    <subfield code="2">ddc</subfield>
    <subfield code="4">0</subfield>
    <subfield code="7">0</subfield>
    <subfield code="8">BBA</subfield>
    <subfield code="a">PIET</subfield>
    <subfield code="b">PIET</subfield>
    <subfield code="d">2013-11-28</subfield>
    <subfield code="e">IBH, New Delhi</subfield>
    <subfield code="g">525.00</subfield>
    <subfield code="k">15735</subfield>
    <subfield code="l">1</subfield>
    <subfield code="o">657 VAA</subfield>
    <subfield code="p">22861</subfield>
    <subfield code="r">2022-12-07 00:00:00</subfield>
    <subfield code="s">2022-11-22</subfield>
    <subfield code="w">2013-11-26</subfield>
    <subfield code="y">BK</subfield>
  </datafield>
  <datafield tag="952" ind1=" " ind2=" ">
    <subfield code="0">0</subfield>
    <subfield code="1">0</subfield>
    <subfield code="2">ddc</subfield>
    <subfield code="4">0</subfield>
    <subfield code="7">0</subfield>
    <subfield code="8">BBA</subfield>
    <subfield code="a">PIET</subfield>
    <subfield code="b">PIET</subfield>
    <subfield code="d">2013-11-28</subfield>
    <subfield code="e">IBH, New Delhi</subfield>
    <subfield code="g">525.00</subfield>
    <subfield code="k">15735</subfield>
    <subfield code="l">3</subfield>
    <subfield code="o">657 VAA</subfield>
    <subfield code="p">22862</subfield>
    <subfield code="r">2025-09-09 00:00:00</subfield>
    <subfield code="s">2025-08-25</subfield>
    <subfield code="w">2013-11-26</subfield>
    <subfield code="y">BK</subfield>
  </datafield>
</record>
